[Event "EU-ch Rapid"]
[Site "Zagreb"]
[Date "2023.12.15"]
[Round "8"]
[White "Alienkin, Aleksander"]
[Black "Goroshkov, Maksym"]
[Result "0-1"]
[WhiteElo "2334"]
[BlackElo "2329"]
[PlyCount "148"]
[EventDate "2023.12.14"]
[EventType "swiss (rapid)"]
[EventRounds "11"]
[EventCountry "CRO"]
[SourceTitle "CB51_2023"]
[SourceDate "2023.12.20"]
[SourceVersion "1"]
[SourceVersionDate "2023.12.20"]
[SourceQuality "1"]

1. d4 Nf6 2. Nf3 d6 3. c4 g6 4. Nc3 Bg7 5. e4 0-0 6. Be2 c5 7. 0-0 cxd4 8. Nxd4 Nc6 9. Be3 a6 10. Qd2 Ng4 11. Bxg4 Bxg4 12. f3 Be6 13. b3 Rc8 14. Rac1 Qa5 15. Nxc6 bxc6 16. Bd4 Bxd4+ 17. Qxd4 Rfd8 18. Rfd1 Qg5 19. Qd2 Qc5+ 20. Kh1 f6 21. Ne2 Bf7 22. Nf4 Qg5 23. Nd3 Qh5 24. h3 Kg7 25. Qe3 Qa5 26. f4 Qxa2 27. e5 Qxb3 28. e6 Bg8 29. f5 g5 30. Qa7 Re8 31. Qxa6 Rc7 32. Qa5 Rb7 33. Qa6 Rc7 34. Qa5 Rb7 35. Qe1 Reb8 36. Rc3 Qa4 37. Kh2 Qa5 38. c5 d5 39. Ra1 Qc7+ 40. Qg3 Qxg3+ 41. Kxg3 h5 42. h4 Bh7 43. hxg5 fxg5 44. Ne5 Rb3 45. Rxb3 Rxb3+ 46. Kf2 Bxf5 47. Nxc6 Kf6 48. Nd4 Rc3 49. Ke2 Ke5 50. Nf3+ Kf4 51. Ra4+ Be4 52. g3+ Kxg3 53. Nxg5 Kf4 54. Nxe4 dxe4 55. Ra7 Rc2+ 56. Kd1 Rxc5 57. Rxe7 Ke3 58. Rh7 Rd5+ 59. Ke1 Rg5 60. Kf1 Re5 61. e7 Kd2 62. Rxh5 Rxe7 63. Rd5+ Ke3 64. Ra5 Rd7 65. Ke1 Rd3 66. Rh5 Kd4 67. Rh4 Ra3 68. Rh8 Ra1+ 69. Ke2 Ra2+ 70. Ke1 Kd3 71. Rb8 Ra1+ 72. Kf2 e3+ 73. Kg2 e2 74. Rd8+ Kc4 0-1

[Event "EU-ch Rapid"]
[Site "Zagreb"]
[Date "2023.12.15"]
[Round "11"]
[White "Drnovsek, Gal"]
[Black "Alienkin, Aleksander"]
[Result "1/2-1/2"]
[WhiteElo "2405"]
[BlackElo "2334"]
[PlyCount "166"]
[EventDate "2023.12.14"]
[EventType "swiss (rapid)"]
[EventRounds "11"]
[EventCountry "CRO"]
[SourceTitle "CB51_2023"]
[SourceDate "2023.12.20"]
[SourceVersion "1"]
[SourceVersionDate "2023.12.20"]
[SourceQuality "1"]

1. d4 e6 2. c4 Nf6 3. Nc3 Bb4 4. Qc2 d6 5. Nf3 Nbd7 6. Bd2 0-0 7. a3 Bxc3 8. Bxc3 Qe7 9. e3 b6 10. Be2 Bb7 11. b4 Ne4 12. Bb2 f5 13. 0-0 Ng5 14. Nd2 Rae8 15. f3 e5 16. d5 f4 17. Qc3 fxe3 18. Qxe3 h6 19. Bd3 Qf7 20. Rae1 Qf4 21. Qe2 a5 22. g3 Qf7 23. h4 Nh7 24. Ne4 axb4 25. axb4 Nhf6 26. Ra1 Ra8 27. Bc3 Rxa1 28. Rxa1 b5 29. Ra7 bxc4 30. Bxc4 Bxd5 31. Rxc7 Bxc4 32. Qxc4 Qxc4 33. Rxc4 d5 34. Nxf6+ Nxf6 35. Rc5 d4 36. Bb2 d3 37. Rc1 e4 38. Bxf6 d2 39. Rd1 Rxf6 40. fxe4 Rb6 41. Rxd2 Rxb4 42. Re2 Rb3 43. Kf2 Kf7 44. Re3 Rb1 45. Kf3 Ke6 46. Ra3 Rb6 47. Kf4 Kf6 48. h5 Rb5 49. Ra6+ Kf7 50. e5 Rb1 51. Ra7+ Kf8 52. Kf5 Rb6 53. g4 Rc6 54. Ra8+ Kf7 55. Ra7+ Kf8 56. Rb7 Ra6 57. Rc7 Rb6 58. Ke4 Ra6 59. Kd5 g6 60. e6 gxh5 61. gxh5 Ra1 62. Rh7 Rd1+ 63. Ke5 Re1+ 64. Kf6 Rf1+ 65. Kg6 Re1 66. Rf7+ Ke8 67. Kf6 Rf1+ 68. Kg7 Re1 69. Rf6 Ke7 70. Rxh6 Rh1 71. Kg8 Rh2 72. Kg7 Rh1 73. Rh8 Rg1+ 74. Kh7 Kxe6 75. Rf8 Ke7 76. Rf2 Rg3 77. h6 Rg1 78. Kh8 Rg3 79. h7 Rg1 80. Ra2 Kf8 81. Ra8+ Kf7 82. Ra7+ Kf8 83. Ra8+ Kf7 1/2-1/2

[Event "BEL-chT 2223"]
[Site "Belgium"]
[Date "2023.03.19"]
[Round "9.5"]
[White "Alienkin, Aleksander"]
[Black "Baselmans, Luuk"]
[Result "0-1"]
[WhiteElo "2343"]
[BlackElo "2263"]
[PlyCount "78"]
[EventDate "2022.09.25"]
[EventType "team-tourn"]
[EventRounds "11"]
[EventCountry "BEL"]
[SourceTitle "CBM 213 Extra"]
[Source "ChessBase"]
[SourceDate "2023.05.31"]
[SourceVersion "1"]
[SourceVersionDate "2023.05.31"]
[SourceQuality "1"]
[WhiteTeam "Tal"]
[BlackTeam "Brasschaat"]
[WhiteTeamCountry "BEL"]
[BlackTeamCountry "BEL"]

1. Nf3 d5 2. e3 Nf6 3. c4 e6 4. b3 Be7 5. Bb2 0-0 6. d4 Nbd7 7. Nbd2 b6 8. Bd3 Bb7 9. 0-0 c5 10. Qe2 Rc8 11. Rfd1 cxd4 12. exd4 Re8 13. Rac1 Nf8 14. Ne5 Ng6 15. Nxg6 hxg6 16. Nf3 Bd6 17. Ne5 Qe7 18. Rc2 Red8 19. f3 Nh5 20. Qe3 Rc7 21. Rdc1 Rdc8 22. cxd5 Rxc2 23. Rxc2 Rxc2 24. Bxc2 Bxd5 25. Be4 Nf6 26. Bd3 Bb7 27. Qc1 Nh5 28. Qe3 Nf6 29. Qc1 Nd5 30. Be4 Qh4 31. g3 Qd8 32. Nc4 Be7 33. Ne5 Qa8 34. Ba3 Bf6 35. Kf2 a5 36. Qc2 Qd8 37. Qc4 Bg5 38. h4 Bxh4 39. gxh4 Qxh4+ 0-1

[Event "BEL-ch"]
[Site "Bruges"]
[Date "2022.08.16"]
[Round "6"]
[White "Hautot, Stephane"]
[Black "Alienkin, Aleksander"]
[Result "1/2-1/2"]
[WhiteElo "2337"]
[BlackElo "2332"]
[PlyCount "83"]
[EventDate "2022.08.11"]
[EventType "tourn"]
[EventRounds "9"]
[EventCountry "BEL"]
[EventCategory "4"]
[SourceTitle "CBM 209 Extra"]
[Source "ChessBase"]
[SourceDate "2022.09.30"]
[SourceVersion "1"]
[SourceVersionDate "2022.09.30"]
[SourceQuality "1"]

1. Nf3 Nf6 2. g3 d5 3. Bg2 c6 4. 0-0 Bf5 5. d4 h6 6. c4 e6 7. Nc3 Nbd7 8. Ne5 Be7 9. Qb3 Qb6 10. Nxd7 Nxd7 11. e4 dxe4 12. Nxe4 0-0 13. Be3 Nf6 14. Nc5 Bxc5 15. dxc5 Qc7 16. Rad1 Rfd8 17. Rfe1 e5 18. Qc3 Ng4 19. b4 Nxe3 20. Qxe3 Bg4 21. Rxd8+ Rxd8 22. b5 Rd4 23. h3 Bd7 24. Qxe5 Qxe5 25. Rxe5 Rxc4 26. Re7 Rd4 27. bxc6 bxc6 28. Re4 Rd1+ 29. Kh2 Rd2 30. Ra4 Rxf2 31. Rxa7 Be6 32. Kg1 Rxa2 33. Rxa2 Bxa2 34. Bxc6 Be6 35. h4 g5 36. Kf2 f5 37. Ke3 Kf7 38. Kd4 Kf6 39. Bb7 gxh4 40. gxh4 Bd7 41. c6 Bxc6 42. Bxc6 1/2-1/2

[Event "Oberliga Ost-B 2122"]
[Site "Germany"]
[Date "2022.07.02"]
[Round "6.2"]
[White "Alienkin, Aleksander"]
[Black "Felgendreher, Heiko"]
[Result "0-1"]
[WhiteElo "2362"]
[BlackElo "2113"]
[PlyCount "100"]
[EventDate "2021.10.10"]
[EventType "team-tourn"]
[EventRounds "11"]
[EventCountry "GER"]
[SourceTitle "EXT 2023"]
[Source "ChessBase"]
[SourceDate "2022.10.05"]
[SourceVersion "1"]
[SourceVersionDate "2022.10.05"]
[SourceQuality "1"]
[WhiteTeam "Wiesbaden"]
[BlackTeam "Moerlenbach Birkenau"]
[WhiteTeamCountry "GER"]
[BlackTeamCountry "GER"]

1. d4 Nf6 2. Nf3 g6 3. Nbd2 d5 4. c4 c6 5. g3 Bg7 6. Bg2 0-0 7. 0-0 a5 8. b3 Bf5 9. Bb2 h6 10. Re1 g5 11. h4 g4 12. Ne5 Ne4 13. cxd5 cxd5 14. Nxe4 dxe4 15. Qc1 f6 16. Nc4 Bg6 17. Qf4 f5 18. Ne5 Be8 19. f3 Nc6 20. Rad1 Qb6 21. Nc4 Qa7 22. Kh2 b5 23. Ne5 Nxe5 24. dxe5 exf3 25. exf3 gxf3 26. Qxf3 Rc8 27. Rc1 Rxc1 28. Rxc1 Qb8 29. Rc5 e6 30. Qc3 b4 31. Qc1 f4 32. gxf4 Qd8 33. Kg3 Qd3+ 34. Kh2 Qd8 35. Kg3 Qd3+ 36. Bf3 Bh5 37. Qh1 Qg6+ 38. Kh3 Rxf4 39. Bxh5 Qxh5 40. Rc8+ Bf8 41. Qg1+ Kf7 42. Rc4 Qxh4+ 43. Kg2 Rxc4 44. bxc4 Qg4+ 45. Kh2 Qxg1+ 46. Kxg1 Bc5+ 47. Kg2 Kg6 48. Kg3 Kf5 49. Kh4 Ke4 50. Kh5 Be3 0-1

[Event "Oberliga Ost-B 2122"]
[Site "Germany"]
[Date "2022.05.21"]
[Round "4.2"]
[White "Alienkin, Aleksander"]
[Black "Mueller, Magnus"]
[Result "1/2-1/2"]
[WhiteElo "2362"]
[BlackElo "1975"]
[PlyCount "156"]
[EventDate "2021.10.10"]
[EventType "team-tourn"]
[EventRounds "11"]
[EventCountry "GER"]
[SourceTitle "EXT 2023"]
[Source "ChessBase"]
[SourceDate "2022.10.05"]
[SourceVersion "1"]
[SourceVersionDate "2022.10.05"]
[SourceQuality "1"]
[WhiteTeam "Wiesbaden"]
[BlackTeam "Gera"]
[WhiteTeamCountry "GER"]
[BlackTeamCountry "GER"]

1. e4 c6 2. d3 d5 3. Nd2 e5 4. Ngf3 Bd6 5. g3 Nf6 6. Bg2 0-0 7. 0-0 Re8 8. h3 Nbd7 9. Re1 a5 10. a4 h6 11. b3 Nc5 12. Bb2 d4 13. Bxd4 exd4 14. e5 Be6 15. exd6 Qxd6 16. Qc1 Rad8 17. Qb2 Na6 18. Re5 c5 19. Rae1 Bd5 20. Qc1 Nb4 21. Rxe8+ Rxe8 22. Rxe8+ Nxe8 23. Ne4 Qc7 24. Qd1 Nd6 25. Nxd6 Qxd6 26. Nd2 Bxg2 27. Kxg2 Qc6+ 28. Kg1 b5 29. axb5 Qxb5 30. Ne4 a4 31. bxa4 Qxa4 32. Nxc5 Qc6 33. Nb3 Nxc2 34. Qe2 Qc3 35. Qe8+ Kh7 36. Qxf7 Qxd3 37. Nc5 Qd1+ 38. Kh2 Ne1 39. Qf5+ Kg8 40. Qc8+ Kh7 41. Qf5+ Kg8 42. h4 Qe2 43. Ne6 Nf3+ 44. Kh3 Qf1+ 45. Kg4 Nh2+ 46. Kh5 Qe2+ 47. g4 Qf3 48. Nxd4 Qxf5+ 49. Nxf5 Kf7 50. Ne3 Nf3 51. g5 hxg5 52. hxg5 Ke6 53. Kg4 Ne5+ 54. Kg3 g6 55. f4 Nd3 56. Kf3 Nc5 57. Ng2 Kf7 58. Ke3 Ne6 59. Nh4 Kg7 60. Nf3 Nc5 61. Ne5 Kh7 62. Kd4 Ne6+ 63. Ke4 Ng7 64. Nd7 Nf5 65. Ke5 Kg7 66. Nc5 Kf7 67. Ne4 Ke7 68. Nf6 Ne3 69. Ng8+ Kf7 70. Nh6+ Ke7 71. Ke4 Nc4 72. Ng4 Ke6 73. Ne5 Nd6+ 74. Kf3 Kf5 75. Ng4 Ke6 76. Ne3 Nf7 77. Nc4 Nxg5+ 78. fxg5 Kf5 1/2-1/2

[Event "EU-ch 22nd"]
[Site "Terme Catez"]
[Date "2022.03.29"]
[Round "3"]
[White "Alienkin, Aleksander"]
[Black "Ruzic, Pia Marie"]
[Result "1-0"]
[WhiteElo "2361"]
[BlackElo "2072"]
[PlyCount "79"]
[EventDate "2022.03.27"]
[EventType "swiss"]
[EventRounds "11"]
[EventCountry "SLO"]
[SourceTitle "CBM 208"]
[Source "ChessBase"]
[SourceDate "2022.06.30"]
[SourceVersion "1"]
[SourceVersionDate "2022.06.30"]
[SourceQuality "1"]

1. e4 e6 2. d4 d5 3. Nd2 c5 4. Ngf3 Nc6 5. Bb5 a6 6. Bxc6+ bxc6 7. 0-0 Nf6 8. Re1 Be7 9. b3 cxd4 10. Nxd4 Qb6 11. Bb2 0-0 12. exd5 cxd5 13. Nf5 exf5 14. Rxe7 Ng4 15. Re2 a5 16. Nf3 Ba6 17. Rd2 Rfe8 18. h3 Nf6 19. Bxf6 Qxf6 20. Nd4 f4 21. Qf3 Re4 22. Rad1 Rae8 23. Qc3 h6 24. Qc6 Qxc6 25. Nxc6 f3 26. gxf3 Rf4 27. Nd4 Re5 28. Kh2 Rh4 29. Rg1 Reh5 30. Rg3 f5 31. f4 Kf7 32. Nf3 Rxf4 33. Rxd5 g5 34. Rxa5 Be2 35. Ne5+ Kf6 36. Kg2 Rd4 37. Re3 Bd1 38. Ra6+ Kg7 39. Rc3 Rd8 40. Rc7+ 1-0

[Event "BEL-chT 2122"]
[Site "Belgium"]
[Date "2022.03.20"]
[Round "4.2"]
[White "Herman, Jean"]
[Black "Alienkin, Aleksander"]
[Result "1/2-1/2"]
[WhiteElo "2231"]
[BlackElo "2356"]
[PlyCount "55"]
[EventDate "2021.10.24"]
[EventType "team-tourn"]
[EventRounds "11"]
[EventCountry "BEL"]
[SourceTitle "EXT 2023"]
[Source "ChessBase"]
[SourceDate "2022.10.05"]
[SourceVersion "1"]
[SourceVersionDate "2022.10.05"]
[SourceQuality "1"]
[WhiteTeam "Montigny Fontaine"]
[BlackTeam "Tal"]
[WhiteTeamCountry "BEL"]
[BlackTeamCountry "BEL"]

1. d4 e6 2. c4 Bb4+ 3. Bd2 Qe7 4. e4 Nf6 5. Bd3 Bxd2+ 6. Qxd2 d6 7. Nc3 Nc6 8. Nge2 e5 9. Bc2 0-0 10. 0-0 Nb4 11. Nd5 Nbxd5 12. cxd5 Bd7 13. Rfd1 Rfe8 14. Nc3 Rac8 15. dxe5 dxe5 16. Qe3 Ng4 17. Qe2 Qd6 18. Ba4 Nf6 19. Rac1 h6 20. Qe3 Bxa4 21. Nxa4 Qb4 22. b3 Qxe4 23. Qxa7 Qh4 24. h3 Ne4 25. Nc3 Nd6 26. Qc5 e4 27. Re1 Re5 28. Nb5 1/2-1/2

[Event "BL2-West 1920"]
[Site "Germany"]
[Date "2020.03.01"]
[Round "7.6"]
[White "Malykin, Vitaly"]
[Black "Alienkin, Aleksander"]
[Result "1/2-1/2"]
[WhiteElo "2344"]
[BlackElo "2358"]
[PlyCount "36"]
[EventDate "2019.09.19"]
[EventType "team-tourn"]
[EventRounds "9"]
[EventCountry "GER"]
[SourceTitle "EXT 2023"]
[Source "ChessBase"]
[SourceDate "2022.10.05"]
[SourceVersion "1"]
[SourceVersionDate "2022.10.05"]
[SourceQuality "1"]
[WhiteTeam "Koeln Porz"]
[BlackTeam "Remagen Sinzig"]
[WhiteTeamCountry "GER"]
[BlackTeamCountry "GER"]

1. Nf3 Nf6 2. c4 c5 3. Nc3 e6 4. e3 Nc6 5. d4 d5 6. a3 a6 7. b3 cxd4 8. exd4 g6 9. Be2 Bg7 10. 0-0 0-0 11. Be3 b6 12. Rc1 Bb7 13. Na4 Ne4 14. c5 bxc5 15. Nxc5 Nxc5 16. Rxc5 Qb6 17. b4 Rfc8 18. Qd2 Bf8 1/2-1/2

[Event "BCF-chT2b 1920 (4NCL)"]
[Site "Daventry"]
[Date "2020.01.11"]
[Round "3.81"]
[White "Alienkin, Aleksander"]
[Black "Stoyanov, Viktor"]
[Result "1/2-1/2"]
[WhiteElo "2382"]
[BlackElo "2234"]
[PlyCount "54"]
[EventDate "2020.01.11"]
[EventType "team-tourn"]
[EventRounds "11"]
[EventCountry "ENG"]
[SourceTitle "CBM 194 Extra"]
[Source "ChessBase"]
[SourceDate "2020.03.31"]
[SourceVersion "1"]
[SourceVersionDate "2020.03.31"]
[SourceQuality "1"]
[WhiteTeam "Manchester Manticores"]
[BlackTeam "Guildford III"]
[WhiteTeamCountry "ENG"]
[BlackTeamCountry "ENG"]

1. d4 Nf6 2. Nf3 e6 3. c4 d5 4. Nc3 dxc4 5. e3 a6 6. a4 c5 7. Bxc4 Nc6 8. 0-0 Be7 9. d5 exd5 10. Nxd5 Nxd5 11. Bxd5 0-0 12. e4 Nb4 13. Qb3 Nxd5 14. exd5 Qc7 15. Be3 Bf5 16. Rac1 Rac8 17. Nd2 Rfd8 18. Rfd1 b5 19. axb5 axb5 20. Qxb5 Rxd5 21. Nf3 Rxd1+ 22. Rxd1 Rd8 23. Rxd8+ Qxd8 24. Nd2 h6 25. h3 Be6 26. b3 Qc8 27. Ne4 c4 1/2-1/2

[Event "BCF-chT2 1819 (4NCL) Demotion"]
[Site "England"]
[Date "2019.05.05"]
[Round "10.71"]
[White "Bullen, Alex"]
[Black "Alienkin, Aleksander"]
[Result "0-1"]
[WhiteElo "2100"]
[BlackElo "2372"]
[PlyCount "70"]
[EventDate "2018.11.10"]
[EventType "team-tourn"]
[EventRounds "11"]
[EventCountry "ENG"]
[SourceTitle "EXT 2021"]
[Source "ChessBase"]
[SourceDate "2020.10.23"]
[SourceVersion "1"]
[SourceVersionDate "2020.10.23"]
[SourceQuality "1"]
[WhiteTeam "West is Best II"]
[BlackTeam "Manchester Manticores"]
[WhiteTeamCountry "ENG"]
[BlackTeamCountry "ENG"]

1. d4 Nf6 2. Nf3 c5 3. e3 g6 4. Be2 Bg7 5. 0-0 b6 6. c4 0-0 7. Nc3 cxd4 8. exd4 Bb7 9. Re1 d5 10. Ne5 Nbd7 11. Bf4 dxc4 12. Bxc4 e6 13. Nxf7 Rxf7 14. Bxe6 Nf8 15. Bxf7+ Kxf7 16. Qb3+ Bd5 17. Nxd5 Qxd5 18. Rac1 Qxb3 19. Rc7+ Kg8 20. axb3 Nd5 21. Rxg7+ Kxg7 22. Be5+ Kf7 23. Rc1 Ne7 24. f4 Rc8 25. Rxc8 Nxc8 26. Kf2 Ke6 27. g4 Nd7 28. Bc7 Nf6 29. Kf3 Ne7 30. Be5 Ned5 31. h4 h5 32. gxh5 gxh5 33. Bb8 a6 34. Be5 Kf5 35. Bd6 Ne4 0-1

[Event "BL2-West 1819"]
[Site "Germany"]
[Date "2019.03.24"]
[Round "8.6"]
[White "Sundorf, Jannik"]
[Black "Alienkin, Aleksander"]
[Result "1-0"]
[WhiteElo "2185"]
[BlackElo "2389"]
[PlyCount "139"]
[EventDate "2018.11.21"]
[EventType "team-tourn"]
[EventRounds "9"]
[EventCountry "GER"]
[SourceTitle "CBM 190 Extra"]
[Source "ChessBase"]
[SourceDate "2019.07.15"]
[SourceVersion "1"]
[SourceVersionDate "2019.07.15"]
[SourceQuality "1"]
[WhiteTeam "Dortmund Hansa"]
[BlackTeam "Remagen Sinzig"]
[WhiteTeamCountry "GER"]
[BlackTeamCountry "GER"]

1. d4 Nf6 2. c4 e6 3. Nf3 Bb4+ 4. Bd2 a5 5. g3 b6 6. Bg2 Bb7 7. 0-0 0-0 8. Nc3 d6 9. b3 Nbd7 10. a3 Bxc3 11. Bxc3 Ne4 12. Bb2 f5 13. b4 Qe7 14. Qb3 Kh8 15. Rfd1 Rfb8 16. d5 e5 17. Nh4 g6 18. Qc2 Nef6 19. e4 Nxe4 20. Bxe4 fxe4 21. Qxe4 Kg8 22. f4 Re8 23. Re1 axb4 24. axb4 b5 25. Rxa8 Bxa8 26. Nxg6 Qf7 27. Nxe5 dxe5 28. fxe5 Nxe5 29. Bxe5 bxc4 30. Qg4+ Qg6 31. Qxc4 Qb6+ 32. Kg2 Qe6 33. Kg1 Qb6+ 34. Kf1 Rf8+ 35. Bf4 Qb7 36. Re7 Qxd5 37. Qxd5+ Bxd5 38. Rxc7 Ra8 39. Be5 Be4 40. h4 Ra3 41. Ke2 Rb3 42. Bc3 Rb1 43. Ke3 Bg6 44. Rb7 Rd1 45. Be5 Re1+ 46. Kd4 Rd1+ 47. Kc5 Be4 48. Re7 Rc1+ 49. Kd4 Bg6 50. Bd6 Bf7 51. b5 Rd1+ 52. Kc5 Rc1+ 53. Kb6 Rb1 54. Kc6 Bh5 55. Re3 Bg4 56. b6 Bh3 57. Re8+ Kf7 58. Re7+ Kg6 59. h5+ Kf6 60. Rxh7 Bg4 61. Bc5 Bf3+ 62. Kd6 Rd1+ 63. Kc7 Rc1 64. Rh6+ Kg5 65. Rc6 Kxh5 66. b7 Bxc6 67. Kxc6 Rb1 68. Bb6 Rc1+ 69. Kd5 Rd1+ 70. Ke4 1-0

[Event "BL2-West 1819"]
[Site "Germany"]
[Date "2018.11.11"]
[Round "2.5"]
[White "Haubt, Georg"]
[Black "Alienkin, Aleksander"]
[Result "0-1"]
[WhiteElo "2153"]
[BlackElo "2389"]
[PlyCount "88"]
[EventDate "2018.11.21"]
[EventType "team-tourn"]
[EventRounds "9"]
[EventCountry "GER"]
[SourceTitle "CBM 190 Extra"]
[Source "ChessBase"]
[SourceDate "2019.07.15"]
[SourceVersion "1"]
[SourceVersionDate "2019.07.15"]
[SourceQuality "1"]
[WhiteTeam "Oberursel"]
[BlackTeam "Remagen Sinzig"]
[WhiteTeamCountry "GER"]
[BlackTeamCountry "GER"]

1. d4 Nf6 2. Bg5 c5 3. Bxf6 gxf6 4. dxc5 e6 5. Nc3 Qa5 6. a3 Qxc5 7. e4 Qb6 8. Rb1 Nc6 9. Nf3 Rg8 10. Qd2 Ne5 11. Nd4 a6 12. h3 d6 13. Nd1 Bd7 14. Ne3 Bh6 15. Qb4 Qxb4+ 16. axb4 Bxe3 17. fxe3 Nc6 18. Rd1 Nxb4 19. c3 Nc6 20. Nxc6 Bxc6 21. Rxd6 Bxe4 22. Rd4 f5 23. Rh2 Rd8 24. Kf2 Rxd4 25. exd4 f4 26. Be2 Rg3 27. h4 Ke7 28. Bf3 Bxf3 29. gxf3 f6 30. Rh1 e5 31. h5 h6 32. Re1 Rg5 33. dxe5 fxe5 34. Rh1 Ke6 35. b3 Rg3 36. c4 e4 37. fxe4 Ke5 38. b4 Rb3 39. b5 axb5 40. cxb5 Rxb5 41. Re1 Rb2+ 42. Kf3 Rb3+ 43. Kg4 Rg3+ 44. Kh4 Rg7 0-1

[Event "Oberliga Sued W 1718"]
[Site "Germany"]
[Date "2017.10.08"]
[Round "2.4"]
[White "Alienkin, Aleksander"]
[Black "Karsay, Pascal"]
[Result "1-0"]
[WhiteElo "2396"]
[BlackElo "2131"]
[PlyCount "53"]
[EventDate "2017.09.10"]
[EventType "team-tourn"]
[EventRounds "11"]
[EventCountry "GER"]
[SourceTitle "EXT 2019"]
[Source "ChessBase"]
[SourceDate "2018.10.10"]
[SourceVersion "1"]
[SourceVersionDate "2018.10.10"]
[SourceQuality "1"]
[WhiteTeam "Remagen"]
[BlackTeam "Gau Algesheim"]
[WhiteTeamCountry "GER"]
[BlackTeamCountry "GER"]

1. e4 e5 2. Nf3 Nc6 3. Bb5 a6 4. Ba4 Nf6 5. Bxc6 dxc6 6. d3 Bd6 7. Nbd2 0-0 8. Nc4 Re8 9. Bg5 h6 10. Bh4 b5 11. Ne3 Bf8 12. h3 Qd6 13. Nd2 g6 14. 0-0 Bg7 15. Nb3 c5 16. Bxf6 Bxf6 17. c4 b4 18. a3 c6 19. axb4 cxb4 20. c5 Qb8 21. Nc4 Be6 22. Nb6 Ra7 23. Na5 Rc7 24. Qa4 Qd8 25. Nxc6 Qxd3 26. Nxb4 Qb5 27. Nxa6 1-0

[Event "Ghent Taminco op 39th"]
[Site "Ghent"]
[Date "2016.07.19"]
[Round "8"]
[White "Dgebuadze, Alexandre"]
[Black "Alienkin, Aleksander"]
[Result "1-0"]
[WhiteElo "2511"]
[BlackElo "2387"]
[PlyCount "91"]
[EventDate "2016.07.16"]
[EventType "swiss"]
[EventRounds "9"]
[EventCountry "BEL"]
[SourceTitle "CBM 173 Extra"]
[Source "ChessBase"]
[SourceDate "2016.08.29"]
[SourceVersion "1"]
[SourceVersionDate "2016.08.29"]
[SourceQuality "1"]

1. e4 e6 2. d4 d5 3. Nd2 a6 4. Ngf3 c5 5. dxc5 Bxc5 6. Bd3 Nc6 7. a3 Nf6 8. 0-0 Ba7 9. Qe2 Qc7 10. b4 e5 11. h3 d4 12. Nh4 0-0 13. Qf3 Ne8 14. Qg3 Nd6 15. Nc4 Kh8 16. Nxe5 Nxe5 17. Qxe5 Re8 18. Qg3 Qe7 19. e5 Nb5 20. Nf3 Bd7 21. Bg5 Qf8 22. Rfe1 Rac8 23. Qh4 h6 24. Bd2 Bc6 25. a4 Nc3 26. Qh5 Rc7 27. b5 Bd5 28. Qf5 Qg8 29. bxa6 bxa6 30. Bxa6 Be6 31. Qh5 Bc4 32. Bxc4 Rxc4 33. a5 Nd5 34. Qf5 Re6 35. Qd3 Rec6 36. e6 f6 37. e7 Nc7 38. Nh4 Qf7 39. Ng6+ Kg8 40. e8Q+ Nxe8 41. Re7 Rxc2 42. Rxf7 Kxf7 43. Nf4 Nc7 44. Qg6+ Kf8 45. Bb4+ Bc5 46. Qxc2 1-0

[Event "Ghent Taminco op 39th"]
[Site "Ghent"]
[Date "2016.07.19"]
[Round "7"]
[White "Schelvis, Richard"]
[Black "Alienkin, Aleksander"]
[Result "0-1"]
[WhiteElo "2094"]
[BlackElo "2387"]
[PlyCount "136"]
[EventDate "2016.07.16"]
[EventType "swiss"]
[EventRounds "9"]
[EventCountry "BEL"]
[SourceTitle "CBM 173 Extra"]
[Source "ChessBase"]
[SourceDate "2016.08.29"]
[SourceVersion "1"]
[SourceVersionDate "2016.08.29"]
[SourceQuality "1"]

1. d4 e6 2. c4 Nf6 3. Nf3 Bb4+ 4. Bd2 a5 5. g3 d6 6. Bg2 Nbd7 7. 0-0 Bxd2 8. Qxd2 0-0 9. Nc3 c6 10. e4 e5 11. Rad1 Re8 12. Nh4 Qc7 13. Nf5 Nf8 14. dxe5 dxe5 15. Qd6 Qb6 16. Ne7+ Kh8 17. Na4 Qb4 18. Qxb4 axb4 19. Nb6 Bg4 20. f3 Rab8 21. fxg4 Rxe7 22. g5 N6d7 23. Nxd7 Nxd7 24. Bh3 Nc5 25. Rfe1 Ree8 26. b3 Red8 27. Bg2 Kg8 28. Kf1 Kf8 29. Ke2 Ke7 30. Ke3 Ra8 31. Rxd8 Rxd8 32. Bf1 Rd4 33. Kf3 Rd2 34. Re2 Rd1 35. Bh3 Rd4 36. Bg2 Ne6 37. h4 Rd3+ 38. Kf2 Nd4 39. Rb2 Kd6 40. Bh1 Kc5 41. Bg2 Rd1 42. Bf3 Rd3 43. Be2 Rc3 44. Bd1 Rd3 45. Be2 Nxe2 46. Rxe2 Kd4 47. Rc2 Kxe4 48. c5 Kd5 49. Rc4 Rd4 50. Rc2 f6 51. gxf6 gxf6 52. Ke3 h5 53. Rf2 Ke6 54. Rc2 f5 55. Rf2 Rg4 56. Kf3 e4+ 57. Kg2 f4 58. Rxf4 Rxf4 59. gxf4 Kf5 60. Kg3 e3 61. Kf3 e2 62. Kxe2 Kxf4 63. Kd3 Kg4 64. Ke4 Kxh4 65. Kf4 Kh3 66. Kf3 h4 67. Kf2 Kg4 68. Kg2 Kf4 0-1

[Event "Ghent Taminco op 39th"]
[Site "Ghent"]
[Date "2016.07.18"]
[Round "6"]
[White "Alienkin, Aleksander"]
[Black "Venkatesh, Marani Rajendran"]
[Result "1/2-1/2"]
[WhiteElo "2387"]
[BlackElo "2445"]
[PlyCount "87"]
[EventDate "2016.07.16"]
[EventType "swiss"]
[EventRounds "9"]
[EventCountry "BEL"]
[SourceTitle "CBM 173 Extra"]
[Source "ChessBase"]
[SourceDate "2016.08.29"]
[SourceVersion "1"]
[SourceVersionDate "2016.08.29"]
[SourceQuality "1"]

1. d4 Nf6 2. Nf3 g6 3. c4 Bg7 4. Nc3 0-0 5. e4 d6 6. Be2 e5 7. 0-0 Nc6 8. Be3 Re8 9. dxe5 dxe5 10. h3 Bd7 11. Qd2 Nd4 12. Nxd4 exd4 13. Bxd4 Bc6 14. Rad1 Nxe4 15. Nxe4 Rxe4 16. Bxg7 Qxd2 17. Rxd2 Kxg7 18. f3 Re5 19. Kf2 a5 20. Rfd1 Rae8 21. Bf1 g5 22. Re2 Kf6 23. Rxe5 Kxe5 24. b3 Re6 25. a3 Rd6 26. Re1+ Kd4 27. b4 a4 28. c5 Re6 29. Rc1 f5 30. Rc4+ Ke5 31. Rc1 Bd5 32. Re1+ Kf6 33. Rxe6+ Bxe6 34. Bb5 Bb3 35. Bd7 Ke5 36. Ke3 b6 37. cxb6 cxb6 38. Bb5 h5 39. Be8 h4 40. Bb5 Bd1 41. Kd2 Bb3 42. Ke3 Bd1 43. Kd2 Bb3 44. Ke3 1/2-1/2

[Event "BEL-chT 1415"]
[Site "Belgium"]
[Date "2015.03.22"]
[Round "11.1"]
[White "Michiels, Bart"]
[Black "Alienkin, Aleksander"]
[Result "1-0"]
[WhiteElo "2546"]
[BlackElo "2393"]
[PlyCount "75"]
[EventDate "2014.09.28"]
[EventType "team-swiss"]
[EventRounds "11"]
[EventCountry "BEL"]
[SourceTitle "EXT 2016"]
[Source "ChessBase"]
[SourceDate "2015.10.08"]
[SourceVersion "1"]
[SourceVersionDate "2015.10.08"]
[SourceQuality "1"]
[WhiteTeam "KGSRL"]
[BlackTeam "Liege Crelel"]
[WhiteTeamCountry "BEL"]
[BlackTeamCountry "BEL"]

1. d4 Nf6 2. c4 e5 3. dxe5 Ng4 4. Bf4 Nc6 5. Nf3 Bb4+ 6. Nc3 Qe7 7. Qb3 Na5 8. Qc2 Nxc4 9. a3 Ba5 10. b4 Bb6 11. e3 Ncxe5 12. Nd5 Qe6 13. Nxe5 Nxe5 14. Nxc7+ Bxc7 15. Qxc7 f6 16. Be2 0-0 17. 0-0 d5 18. Rfd1 Re8 19. Rac1 Kh8 20. Rc5 d4 21. Rxd4 b6 22. Rcd5 Nc6 23. Rd1 Re7 24. Rd8+ Nxd8 25. Rxd8+ Re8 26. Bf3 Bb7 27. Rxe8+ Rxe8 28. Bxb7 Qb3 29. h4 h6 30. Bc6 Qd1+ 31. Kh2 Rd8 32. Qxa7 Qc2 33. Qxb6 Rc8 34. Bb7 Re8 35. Qc6 Qg6 36. Qd7 Qh5 37. Bg3 f5 38. Bf3 1-0